Middle-class women and domestic work in India and the united states: Caste, race and patriarchy (Record no. 520413)

000 -LEADER
fixed length control field 01234nam a22001577a 4500
008 - FIXED-LENGTH DATA ELEMENTS--GENERAL INFORMATION
fixed length control field 220913b ||||| |||| 00| 0 eng d
100 ## - MAIN ENTRY--PERSONAL NAME
Personal name Nair, Gayatri and Hofman, Nila Ginger
245 ## - TITLE STATEMENT
Title Middle-class women and domestic work in India and the united states: Caste, race and patriarchy
260 ## - PUBLICATION, DISTRIBUTION, ETC. (IMPRINT)
Place of publication, distribution, etc Sociological Bulletin
300 ## - PHYSICAL DESCRIPTION
Extent 71(1), Jan, 2022: p.24-40
520 ## - SUMMARY, ETC.
Summary, etc This study compares middle-class women’s experience of domestic work in India and the United States(US), highlighting similarities in how domestic work is organised in its paid and unpaid forms across both sites. The focus on middle-class women’s experience as unpaid workers and employers of domestic workers provides an insight into how the social and economic values of domestic work are determined. Despite social and political differences, the political economies of India and the US and interlocking systems of oppression including patriarchy, neoliberalism, caste and race have produced similarities in the undervaluation of domestic work at both sites.- Reproduced
650 ## - SUBJECT ADDED ENTRY--TOPICAL TERM
Topical term or geographic name as entry element Domestic work, Middle-class women, Caste, Race, Neoliberalism.
9 (RLIN) 32892
773 ## - HOST ITEM ENTRY
Main entry heading Sociological Bulletin
906 ## - LOCAL DATA ELEMENT F, LDF (RLIN)
Subject DIP DOMESTIC WORK
942 ## - ADDED ENTRY ELEMENTS (KOHA)
Item type Articles
Holdings
Withdrawn status Lost status Source of classification or shelving scheme Damaged status Not for loan Permanent location Current location Date acquired Serial Enumeration / chronology Barcode Date last seen Koha item type
          Indian Institute of Public Administration Indian Institute of Public Administration 2022-09-13 71(1), Jan, 2022: p.24-40 AR126999 2022-09-13 Articles

Powered by Koha